00597nam a2200181Ia 4500952012900000999001700129003000400146005001700150008004100167040000900208082001800217100002400235245004900259260003600308300000900344650002000353942004200373 00102ddc40708ARTSaMESbMEScARTSd2019-02-20g70.00l0o709.04 REA/Pp20137r2019-02-20 00:00:00w2019-02-20yBKzU22R4 c13721d13721OSt20201105114110.0190216s9999||||xx |||||||||||||| ||und|| coclc a709.04bREA/P aRead, Herbert95310 4aThe Philosophy Of Modern Art /cHerbert Read bRupa And Co,c1992.aNew Delhi: a278p aEnglish General cBK2ddch709.04iREA/Pk709.04mREA/P